01109cam a22003614i 4500003000900000005001700009008004100026020001500067035002700082040003300109082002200142100002900164245006500193264005100258300003800309336002100347337002500368338002300393504002800416505015700444526001000601526001000611526001000621526001000631526000800641526000800649526000800657526000800665526000800673526000800681526000800689650005000697PE-LiUPU20250731172946.0150623s1992    miu     rb    000 0 eng d  a0310416612  a(Sirsi) i9780310416616  aPE-LiUPUbspacPE-LiUPUerda04a230.0202bH782211 aHouse, H. Wayne,eautor.10aCharts of Christian theology and doctrine /cH. Wayne House. 1aMichigan :bZondervan Publishing House,c1992.  a145 páginas ;c28 centímetros  atext2rdacontent  aunmediated2rdamedia  avolume2rdacarrier  aIncluye bibliografía.0 aProlegomena -- Bibliology -- Theology proper -- Christology -- Pneumatology -- Angelology -- Anthropology -- Soteriology -- Ecclesiology -- Eschatology.  aSEG42  aSEG41  aSEG40  aSEG39  aP94  aP87  aP86  aP85  aP77  aP76  aP3504aTeología doctrinalxEsquemas, apuntes, etc.